01434cam a22003854i 4500003000900000005001700009008004100026020001500067020001800082035002000100040003300120082002200153100003900175245007900214264004300293300005400336336002100390337002500411338002300436490003800459504005500497504003400552505036600586526001000952526001000962526001000972526001000982526000800992526000801000526000801008526000801016526000801024526000801032526000801040PE-LiUPU20250731172900.0170109s2013 xxua 0rb 001 0 eng d a1433515644 a9781433515644 a(Sirsi) a165909 aPE-LiUPUbspacPE-LiUPUerda04a230.7092bS21223 aSanders, Fredq(Fred R.).,eautor.10aWesley on the Christian life :bthe heart renewed in love /cFred Sanders. 1aWheaton, Illinois :bCrossway,c[2013] a262 páginas.:bilustraciones ;c23 centimetros. atext2rdacontent aunmediated2rdamedia avolume2rdacarrier1 aTheologians on the Christian life aBibliografía :páginas final de cada capítulo aÍndices: páginas 255-262.0 aJohn Wesley as a Spiritual Guide -- Born Again (and the Pastor Who Wasn't) -- Heart Religion -- The Theologian of 1 John -- The Lord Our Righteousness -- Grace First, Then Law -- The Means of Grace -- Saved to the Uttermost -- Catholic Spirit -- The Trinitarian Theology of John Wesley -- Volumes Cited from The Bicentennial Edition of the Works of John Wesley. aSEG42 aSEG41 aSEG40 aSEG39 aP94 aP87 aP86 aP85 aP77 aP76 aP35